00605nam a22002057a 450000500170000001000130001702000230003003500130005303700160006604000120008208200160009410000180011024500650012826000380019327000420023130000240027350000510029765000200034865000310036820170124105915.0 aA-604691 c200.00a8185689075 aA-604691 bCen Lib/Ret aDPLbEN a020.92bSAT aSatija, M. P. aS R Ranganathan and the method of science /cby M. P. Satija aNew DelhibAditya Prakashanc1992 aF-14/65 Model Town II,bDelhie110009 aIix,181p.c22cm(Hb) aIncludes bibliographical references and index aLibrary Science aPhilosophy-Library Science